[Event "Liga Madrileña - DH 2017-2018"]
[Site "Madrid ESP"]
[Date "2018.03.18"]
[Round "14.26"]
[White "Gimenez Menchon, Cesar"]
[Black "Camacho Casado, Natalio"]
[Result "1-0"]
[WhiteElo "2179"]
[BlackElo "1856"]
[PlyCount "67"]
[EventDate "2017.11.19"]
[EventType "team-tourn"]
[EventRounds "14"]
[EventCountry "ESP"]
[SourceTitle "Ajedrez en Madrid"]
[Source "lmi"]
[SourceDate "2017.11.19"]
[WhiteTeam "64 Villalba"]
[BlackTeam "Collado Villalba"]
[WhiteTeamCountry "ESP"]
[BlackTeamCountry "ESP"]

1. e4 c5 2. Nc3 Nc6 3. Bb5 g6 4. Bxc6 dxc6 5. d3 Bg7 6. Be3 b6 7. Qd2 e5 8.
O-O-O Be6 9. Nge2 Qd7 10. h3 O-O-O 11. f4 f6 12. g4 h5 13. f5 Bf7 14. Rdg1 g5
15. h4 hxg4 16. hxg5 Rxh1 17. Rxh1 fxg5 18. Bxg5 Nf6 19. Ng3 c4 20. dxc4 Qxd2+
21. Bxd2 Bxc4 22. Bh6 Bh8 23. Nd1 Bf7 24. Bg5 Bg7 25. Ne3 Rh8 26. Rxh8+ Bxh8
27. Bxf6 Bxf6 28. Nxg4 Bh4 29. Nxe5 Bxa2 30. Nh5 Bg5+ 31. Kd1 c5 32. b3 a5 33.
f6 Kd8 34. Nf7+ 1-0

[Event "Liga Madrileña - DH 2017-2018"]
[Site "Madrid ESP"]
[Date "2018.03.18"]
[Round "14.31"]
[White "Alarcia Astiz, Carlos"]
[Black "Suarez Uriel, Adrian"]
[Result "1-0"]
[WhiteElo "2274"]
[BlackElo "2412"]
[PlyCount "69"]
[EventDate "2017.11.19"]
[EventType "team-tourn"]
[EventRounds "14"]
[EventCountry "ESP"]
[SourceTitle "Ajedrez en Madrid"]
[Source "lmi"]
[SourceDate "2017.11.19"]
[WhiteTeam "Blanco y Negro"]
[BlackTeam "La Casa del Ajedrez"]
[WhiteTeamCountry "ESP"]
[BlackTeamCountry "ESP"]

1. e4 c5 2. Nf3 Nc6 3. d4 cxd4 4. Nxd4 g6 5. Nc3 Bg7 6. Be3 Nf6 7. Bc4 O-O 8.
Bb3 d6 9. f3 Bd7 10. h4 Na5 11. h5 Nxh5 12. g4 Nf6 13. Qd2 Nxb3 14. axb3 e6 15.
Bg5 Qb6 16. O-O-O Rfc8 17. Qh2 Rc5 18. Qh4 Rxg5 19. Qxg5 Qc5 20. Qd2 g5 21. b4
Qe5 22. Nde2 a5 23. b5 Bxb5 24. Nxb5 Nxe4 25. Qd4 Qxb5 26. Qxe4 Qxb2+ 27. Kd2
a4 28. Rb1 Qf6 29. Rxb7 d5 30. Qxh7+ Kf8 31. Qd3 a3 32. c3 Qd8 33. Qb5 Be5 34.
Qd7 Qf6 35. Rh8+ 1-0

[Event "Liga Madrileña - DH 2017-2018"]
[Site "Madrid ESP"]
[Date "2018.03.18"]
[Round "14.32"]
[White "Candela Perez, Jose"]
[Black "Shen, Yue"]
[Result "0-1"]
[WhiteElo "2354"]
[BlackElo "2277"]
[PlyCount "78"]
[EventDate "2017.11.19"]
[EventType "team-tourn"]
[EventRounds "14"]
[EventCountry "ESP"]
[SourceTitle "Ajedrez en Madrid"]
[Source "lmi"]
[SourceDate "2017.11.19"]
[WhiteTeam "La Casa del Ajedrez"]
[BlackTeam "Blanco y Negro"]
[WhiteTeamCountry "ESP"]
[BlackTeamCountry "ESP"]

1. d4 d5 2. c4 c6 3. Nf3 e6 4. Nc3 dxc4 5. a4 Bb4 6. Bd2 a5 7. e3 b5 8. axb5
Bxc3 9. Bxc3 cxb5 10. b3 Bb7 11. bxc4 b4 12. Bb2 Nf6 13. Bd3 O-O 14. O-O Nbd7
15. Re1 Be4 16. Bf1 Bc6 17. Nd2 a4 18. Ra2 Qe7 19. Bd3 Rfd8 20. Bb1 Nb6 21. e4
a3 22. Ba1 e5 23. c5 Nbd7 24. Nb3 exd4 25. e5 Ne8 26. Nxd4 Nb8 27. Qc2 g6 28.
Qc4 Qb7 29. Nxc6 Nxc6 30. e6 b3 31. Be4 b2 32. exf7+ Kf8 33. fxe8=Q+ Rxe8 34.
Bxb2 axb2 35. Rxa8 Qxa8 36. Rb1 Na5 37. Qc3 Qxe4 38. Qh8+ Kf7 39. Qxh7+ Kf6 0-1

[Event "Liga Madrileña - DH 2017-2018"]
[Site "Madrid ESP"]
[Date "2018.03.18"]
[Round "14.33"]
[White "Beltran de Heredia Eguiaz, Miguel Angel"]
[Black "Fernandez de Bobadilla, Gabriel"]
[Result "1-0"]
[WhiteElo "2220"]
[BlackElo "2186"]
[PlyCount "71"]
[EventDate "2017.11.19"]
[EventType "team-tourn"]
[EventRounds "14"]
[EventCountry "ESP"]
[SourceTitle "Ajedrez en Madrid"]
[Source "lmi"]
[SourceDate "2017.11.19"]
[WhiteTeam "Blanco y Negro"]
[BlackTeam "La Casa del Ajedrez"]
[WhiteTeamCountry "ESP"]
[BlackTeamCountry "ESP"]

1. e4 c5 2. Nf3 Nc6 3. Nc3 g6 4. d4 cxd4 5. Nxd4 Bg7 6. Be3 Nf6 7. Bc4 Qa5 8.
O-O O-O 9. Bb3 d6 10. h3 Bd7 11. Re1 Rfe8 12. Nf3 Rad8 13. Qe2 Ne5 14. Nd4 b5
15. f4 Nc4 16. Bxc4 bxc4 17. Qxc4 Rb8 18. Nb3 Qb4 19. Qxb4 Rxb4 20. a3 Rc4 21.
Nd2 Rc7 22. e5 Rxc3 23. bxc3 Nd5 24. Bxa7 Nxf4 25. Bd4 Bc6 26. exd6 e5 27. Bb6
Nxg2 28. d7 Bxd7 29. Kxg2 Bc6+ 30. Kg1 e4 31. Bd4 Bh6 32. Nc4 f5 33. Na5 Ba8
34. Rab1 Bf4 35. Rb5 Bg3 36. Reb1 1-0

[Event "Liga Madrileña - DH 2017-2018"]
[Site "Madrid ESP"]
[Date "2018.03.18"]
[Round "14.34"]
[White "Gil Quilez, David"]
[Black "Alba Linero, Emilio"]
[Result "1-0"]
[WhiteElo "2208"]
[BlackElo "2196"]
[PlyCount "63"]
[EventDate "2017.11.19"]
[EventType "team-tourn"]
[EventRounds "14"]
[EventCountry "ESP"]
[SourceTitle "Ajedrez en Madrid"]
[Source "lmi"]
[SourceDate "2017.11.19"]
[WhiteTeam "La Casa del Ajedrez"]
[BlackTeam "Blanco y Negro"]
[WhiteTeamCountry "ESP"]
[BlackTeamCountry "ESP"]

1. e4 e5 2. Nf3 Nc6 3. Bc4 Bc5 4. c3 Nf6 5. b4 Bb6 6. d3 d6 7. a4 a5 8. b5 Ne7
9. O-O h6 10. Re1 Bg4 11. h3 Bh5 12. Nbd2 g5 13. Nf1 Qd7 14. Ng3 Bg6 15. d4 g4
16. dxe5 gxf3 17. exf6 fxg2 18. Kxg2 h5 19. h4 Nc8 20. e5 Kf8 21. e6 fxe6 22.
Bxe6 Qh7 23. Bg5 Bc5 24. Qf3 Rb8 25. Ra2 Nb6 26. c4 Bb4 27. Ree2 Bf7 28. Nf5
Qg6 29. Ne7 Qb1 30. Rab2 Qd1 31. Bxf7 Kxf7 32. Qf5 1-0

[Event "Liga Madrileña - DH 2017-2018"]
[Site "Madrid ESP"]
[Date "2018.03.18"]
[Round "14.35"]
[White "Rodriguez Melendez, Juan Humbert"]
[Black "Yingrui, Lin"]
[Result "0-1"]
[WhiteElo "2165"]
[BlackElo "2148"]
[PlyCount "114"]
[EventDate "2017.11.19"]
[EventType "team-tourn"]
[EventRounds "14"]
[EventCountry "ESP"]
[SourceTitle "Ajedrez en Madrid"]
[Source "lmi"]
[SourceDate "2017.11.19"]
[WhiteTeam "Blanco y Negro"]
[BlackTeam "La Casa del Ajedrez"]
[WhiteTeamCountry "ESP"]
[BlackTeamCountry "ESP"]

1. d4 Nf6 2. c4 e6 3. Nf3 b6 4. g3 Bb7 5. Bg2 Be7 6. O-O O-O 7. Nc3 Ne4 8. Qc2
Nxc3 9. Qxc3 d6 10. Qc2 f5 11. Rd1 Be4 12. Qb3 Nd7 13. Be3 c5 14. Rac1 Qc7 15.
d5 e5 16. Ng5 Bxg5 17. Bxg5 h6 18. Bd2 Bxg2 19. Kxg2 Rae8 20. Rf1 Qd8 21. Qc2
Qf6 22. e4 f4 23. f3 Qg6 24. g4 h5 25. h3 Nf6 26. Kf2 Kf7 27. Rh1 hxg4 28. hxg4
Rh8 29. Rcg1 Rh6 30. Qb1 Reh8 31. Qf1 Qh7 32. Rxh6 Qxh6 33. Be1 g5 34. Rg2 Qh3
35. Ke2 Kg6 36. Rg1 Qh2+ 37. Qg2 Qh7 38. Bf2 a6 39. Rb1 b5 40. b3 Qd7 41. Rc1
Rh6 42. Bg1 Qd8 43. Kf1 Rh7 44. Qd2 Rh3 45. Qe2 Qh8 46. Ke1 Rg3 47. Bf2 Rg2 48.
Kd2 Qh2 49. Rf1 b4 50. Ke1 Ng8 51. Qb2 Nf6 52. a3 bxa3 53. Qxa3 Qh3 54. b4 cxb4
55. Qd3 Nxg4 56. c5 Nxf2 57. Qxa6 Qxf3 0-1

[Event "Liga Madrileña - DH 2017-2018"]
[Site "Madrid ESP"]
[Date "2018.03.18"]
[Round "14.36"]
[White "Unciti Juan, Javier"]
[Black "Marquez Leon, Juan Antonio"]
[Result "0-1"]
[WhiteElo "1985"]
[BlackElo "1775"]
[PlyCount "98"]
[EventDate "2017.11.19"]
[EventType "team-tourn"]
[EventRounds "14"]
[EventCountry "ESP"]
[SourceTitle "Ajedrez en Madrid"]
[Source "lmi"]
[SourceDate "2017.11.19"]
[WhiteTeam "La Casa del Ajedrez"]
[BlackTeam "Blanco y Negro"]
[WhiteTeamCountry "ESP"]
[BlackTeamCountry "ESP"]

1. e4 c6 2. c4 d5 3. cxd5 cxd5 4. exd5 Qxd5 5. Nc3 Qe5+ 6. Be2 Bd7 7. Nf3 Qa5
8. d4 e6 9. d5 exd5 10. O-O Nf6 11. Bg5 Be7 12. Bxf6 Bxf6 13. Nxd5 Bxb2 14. Rb1
Ba3 15. Rb5 Qd8 16. Rb3 Be6 17. Rxa3 Qxd5 18. Rd3 Qa5 19. Nd4 O-O 20. Nxe6 fxe6
21. Bg4 Qxa2 22. Rd6 Qa5 23. Bxe6+ Kh8 24. Qg4 Qc5 25. Qg3 a5 26. Rfd1 Ra6 27.
Rxa6 Nxa6 28. h4 Qe7 29. Rd7 Qf6 30. Bd5 Nc5 31. Rd6 Qe7 32. Kh2 b5 33. Rc6 Ne4
34. Bxe4 Qxe4 35. Rc7 Qd4 36. h5 h6 37. Rb7 b4 38. f3 Qf4 39. Ra7 Qxg3+ 40.
Kxg3 Rf5 41. Rb7 Rxh5 42. Kf4 Rc5 43. Ke4 Rc6 44. Kd5 Ra6 45. Rb8+ Kh7 46. Kc5
Rg6 47. g4 Rf6 48. Kb5 Rxf3 49. Kxa5 Rf4 0-1

[Event "Liga Madrileña - DH 2017-2018"]
[Site "Madrid ESP"]
[Date "2018.03.18"]
[Round "14.41"]
[White "Almagro Llamas, Pablo"]
[Black "Fernandez Garcia, Miguel Angel"]
[Result "0-1"]
[WhiteElo "2454"]
[BlackElo "2291"]
[PlyCount "146"]
[EventDate "2017.11.19"]
[EventType "team-tourn"]
[EventRounds "14"]
[EventCountry "ESP"]
[SourceTitle "Ajedrez en Madrid"]
[Source "lmi"]
[SourceDate "2017.11.19"]
[WhiteTeam "Virgen de Atocha"]
[BlackTeam "Liberty Chess"]
[WhiteTeamCountry "ESP"]
[BlackTeamCountry "ESP"]

1. e4 Nf6 2. e5 Nd5 3. d4 Nb6 4. a4 a5 5. Bb5 c6 6. Bd3 d6 7. Nf3 g6 8. exd6
Qxd6 9. O-O Bg7 10. c3 O-O 11. Nbd2 Qc7 12. Re1 Nd5 13. Bc4 b6 14. Ne4 Ba6 15.
Bb3 Nd7 16. Bg5 Rae8 17. Qd2 Bb7 18. Rad1 N7f6 19. Bh6 Rd8 20. Qg5 Bc8 21. h3
Nxe4 22. Rxe4 Bf6 23. Qc1 Bf5 24. Ree1 Rfe8 25. Ne5 Be6 26. Nd3 Qc8 27. Bg5 Nc7
28. Bc2 Bf5 29. Bh6 Nd5 30. Bb3 Be6 31. Ne5 Rd6 32. Nc4 Rdd8 33. Re2 Qa6 34.
Rxe6 fxe6 35. Re1 Qc8 36. Qc2 Bg7 37. Bxg7 Kxg7 38. Qe4 Rf8 39. g3 Rf6 40. Ne5
Rdf8 41. Re2 h5 42. Bc2 Qe8 43. Qh4 b5 44. Qg5 Nc7 45. Bb1 Nd5 46. axb5 cxb5
47. Nd3 Qc6 48. Nc5 Qd6 49. Bd3 Qc6 50. Be4 Qd6 51. Bd3 Qc6 52. Qe5 Nc7 53. Ne4
Kg8 54. Nxf6+ exf6 55. Qf4 Kg7 56. Be4 Qd7 57. Bc2 Qc6 58. Qe3 Qd7 59. Qd3 Qf7
60. Qe4 a4 61. Qc6 Rd8 62. h4 Qd7 63. Qe4 Qf7 64. Qb7 Qd7 65. Bb1 a3 66. Qe4
Qf7 67. bxa3 Nd5 68. Qd3 Rc8 69. Rc2 Qa7 70. Rc1 f5 71. Ba2 Qxa3 72. Qd2 Nxc3
73. Kh2 Ne4 0-1

[Event "Liga Madrileña - DH 2017-2018"]
[Site "Madrid ESP"]
[Date "2018.03.18"]
[Round "14.42"]
[White "Moreno Ibañez, Miguel"]
[Black "Espinosa Aranda, Angel"]
[Result "0-1"]
[WhiteElo "2270"]
[BlackElo "2472"]
[PlyCount "78"]
[EventDate "2017.11.19"]
[EventType "team-tourn"]
[EventRounds "14"]
[EventCountry "ESP"]
[SourceTitle "Ajedrez en Madrid"]
[Source "lmi"]
[SourceDate "2017.11.19"]
[WhiteTeam "Liberty Chess"]
[BlackTeam "Virgen de Atocha"]
[WhiteTeamCountry "ESP"]
[BlackTeamCountry "ESP"]

1. e4 c5 2. Nf3 d6 3. d4 cxd4 4. Nxd4 Nf6 5. Nc3 Bd7 6. Bc4 Nc6 7. Bb3 g6 8. f3
Nxd4 9. Qxd4 Bg7 10. O-O O-O 11. Qf2 b5 12. a4 b4 13. Ne2 Be6 14. Be3 Bxb3 15.
cxb3 Qd7 16. Rac1 Qb7 17. Rc2 Nd7 18. Nf4 Nc5 19. Bxc5 dxc5 20. Ne2 Rfd8 21.
Qe3 Qa6 22. Rd2 Rxd2 23. Qxd2 Qb6 24. Qe3 Rd8 25. e5 c4 26. Qxb6 axb6 27. bxc4
Rd2 28. Kf2 Bxe5 29. Rb1 Rc2 30. b3 Bxh2 31. Rd1 Bd6 32. Ke3 Be5 33. Kd3 Rb2
34. Nd4 Kg7 35. g4 Kf6 36. f4 g5 37. Rh1 gxf4 38. Nf5 e6 39. Nd4 f3 0-1

[Event "Liga Madrileña - DH 2017-2018"]
[Site "Madrid ESP"]
[Date "2018.03.18"]
[Round "14.43"]
[White "Plazuelo Pascual, Juan"]
[Black "Perez Gonzalez, Jose Manuel"]
[Result "1-0"]
[WhiteElo "2330"]
[BlackElo "2277"]
[PlyCount "95"]
[EventDate "2017.11.19"]
[EventType "team-tourn"]
[EventRounds "14"]
[EventCountry "ESP"]
[SourceTitle "Ajedrez en Madrid"]
[Source "lmi"]
[SourceDate "2017.11.19"]
[WhiteTeam "Virgen de Atocha"]
[BlackTeam "Liberty Chess"]
[WhiteTeamCountry "ESP"]
[BlackTeamCountry "ESP"]

1. d4 Nf6 2. c4 g6 3. Nc3 Bg7 4. e4 d6 5. f3 O-O 6. Be3 Nc6 7. Nge2 a6 8. Qd2
Rb8 9. Rc1 Bd7 10. h4 h5 11. Nd1 Re8 12. Nf2 e5 13. d5 Nd4 14. Nxd4 exd4 15.
Bxd4 c5 16. Be3 b5 17. b3 bxc4 18. Bxc4 Bb5 19. O-O Bxc4 20. Rxc4 Nd7 21. Bg5
Qb6 22. Nd3 Qa7 23. Kh1 Nb6 24. Rc2 a5 25. Nf2 a4 26. g4 axb3 27. axb3 Nd7 28.
gxh5 Rxb3 29. Ng4 Qa3 30. Qg2 Reb8 31. hxg6 fxg6 32. Nh6+ Kh7 33. Bc1 Qa1 34.
h5 Qf6 35. Qxg6+ Qxg6 36. hxg6+ Kxg6 37. Rg1+ Kf6 38. Bg5+ Kg6 39. Bf4+ Kf6 40.
e5+ Nxe5 41. Bg5+ Kg6 42. Be7+ Kh7 43. Nf5 Nxf3 44. Rxg7+ Kh8 45. Rc1 Rb2 46.
Rg2 Rb1 47. Bf6+ Kh7 48. Rg7+ 1-0

[Event "Liga Madrileña - DH 2017-2018"]
[Site "Madrid ESP"]
[Date "2018.03.18"]
[Round "14.44"]
[White "Hinojar Diez, David"]
[Black "Vazquez Torres, Adrian"]
[Result "1-0"]
[WhiteElo "2099"]
[BlackElo "2176"]
[PlyCount "126"]
[EventDate "2017.11.19"]
[EventType "team-tourn"]
[EventRounds "14"]
[EventCountry "ESP"]
[SourceTitle "Ajedrez en Madrid"]
[Source "lmi"]
[SourceDate "2017.11.19"]
[WhiteTeam "Liberty Chess"]
[BlackTeam "Virgen de Atocha"]
[WhiteTeamCountry "ESP"]
[BlackTeamCountry "ESP"]

1. e4 c5 2. Nf3 d6 3. d4 cxd4 4. Nxd4 Nf6 5. Nc3 a6 6. Be2 Nc6 7. O-O e6 8. a4
Be7 9. Kh1 Bd7 10. Be3 Qc7 11. f4 h5 12. Nxc6 Bxc6 13. Bf3 b6 14. Qd4 Nd7 15.
Qc4 g5 16. Nd5 exd5 17. exd5 g4 18. dxc6 gxf3 19. cxd7+ Kxd7 20. Qxc7+ Kxc7 21.
Rxf3 Bf6 22. c3 Rhe8 23. Kg1 Re4 24. Rd1 b5 25. a5 Kc6 26. Bb6 Rg8 27. Kf2 h4
28. g3 Rge8 29. Rd2 hxg3+ 30. hxg3 Rh8 31. Rfd3 Be7 32. Kf3 Re1 33. Re3 Rxe3+
34. Kxe3 f5 35. Kf3 Rh7 36. Re2 Kd7 37. Bd4 Bd8 38. b4 Be7 39. Rg2 Rh3 40. Ke2
Ke6 41. g4 fxg4 42. Rxg4 Kf5 43. Rg7 Bh4 44. Ra7 Ke4 45. Rxa6 Rh2+ 46. Kd1 Kd3
47. Kc1 Bg3 48. Rc6 Bxf4+ 49. Kb1 Rh1+ 50. Ka2 Rh2+ 51. Kb1 Rh1+ 52. Kb2 Rh2+
53. Kb3 Bc1 54. c4 Kxd4 55. Rxd6+ Ke4 56. cxb5 Bf4 57. Rd7 Ke5 58. b6 Ke6 59.
Rd3 Bd6 60. a6 Kd7 61. Rxd6+ Kc8 62. a7 Kb7 63. Rd8 Kxb6 1-0

[Event "Liga Madrileña - DH 2017-2018"]
[Site "Madrid ESP"]
[Date "2018.03.18"]
[Round "14.45"]
[White "Recuenco Andres, Javier"]
[Black "Suarez Triguero, Jose Alfonso"]
[Result "1/2-1/2"]
[WhiteElo "1875"]
[BlackElo "2045"]
[PlyCount "45"]
[EventDate "2017.11.19"]
[EventType "team-tourn"]
[EventRounds "14"]
[EventCountry "ESP"]
[SourceTitle "Ajedrez en Madrid"]
[Source "lmi"]
[SourceDate "2017.11.19"]
[WhiteTeam "Virgen de Atocha"]
[BlackTeam "Liberty Chess"]
[WhiteTeamCountry "ESP"]
[BlackTeamCountry "ESP"]

1. c4 Nf6 2. d4 d6 3. Nc3 e5 4. e3 c6 5. g3 Be7 6. Bg2 Bg4 7. Qb3 Qc8 8. h3 Bd7
9. Nf3 Qc7 10. Bd2 O-O 11. O-O h6 12. e4 Re8 13. Rfe1 Na6 14. Qd1 Bf8 15. b3
Rad8 16. d5 Qc8 17. Kh2 c5 18. a3 Be7 19. Nb5 Nc7 20. Nxa7 Qb8 21. Nb5 Bxb5 22.
cxb5 Nxb5 23. Qe2 1/2-1/2

[Event "Liga Madrileña - DH 2017-2018"]
[Site "Madrid ESP"]
[Date "2018.03.18"]
[Round "14.46"]
[White "Spitzer Isbert, Ramon"]
[Black "Municio Zuñiga, Jose"]
[Result "1-0"]
[WhiteElo "2018"]
[BlackElo "1506"]
[PlyCount "91"]
[EventDate "2017.11.19"]
[EventType "team-tourn"]
[EventRounds "14"]
[EventCountry "ESP"]
[SourceTitle "Ajedrez en Madrid"]
[Source "lmi"]
[SourceDate "2017.11.19"]
[WhiteTeam "Liberty Chess"]
[BlackTeam "Virgen de Atocha"]
[WhiteTeamCountry "ESP"]
[BlackTeamCountry "ESP"]

1. Nf3 Nf6 2. b3 g6 3. Bb2 Bg7 4. e3 c5 5. Be2 O-O 6. O-O Nc6 7. c4 d6 8. d3
Re8 9. Nbd2 Qc7 10. Re1 Bd7 11. Nf1 Rad8 12. h3 e6 13. Qc1 Ne7 14. e4 e5 15.
Ne3 b5 16. Bf1 Rb8 17. Qc2 a6 18. g3 Nc6 19. Nd5 Nxd5 20. cxd5 Ne7 21. d4 f5
22. dxe5 dxe5 23. Rad1 Qd6 24. Nd2 Rbc8 25. Qc1 Rf8 26. Qa1 f4 27. g4 Rce8 28.
Nf3 Nc8 29. a4 Nb6 30. a5 Nc8 31. Rc1 Na7 32. Rc2 b4 33. Rec1 Nb5 34. Bxb5 Bxb5
35. Rxc5 Bd3 36. Ng5 f3 37. Ne6 Rf7 38. Rc8 Rfe7 39. R1c6 Qd7 40. R8c7 Qxc6 41.
Rxc6 Bxe4 42. Rc7 Bxd5 43. Rxe7 Rxe7 44. Nxg7 Bxb3 45. Bxe5 Bc2 46. Qd4 1-0